000 00539nam a2200217Ia 4500
005 20260122095459.0
008 260121s9999||||xx |||||||||||||| ||und||
020 _a9781493998258
082 _a511.5
_bBAL
100 _aBalakrishnan, R.
245 0 _aTextbook of graph theory /
250 _a2nd ed.
260 _aNew York :
_bSpringer,
_c2019.
300 _axii, 292 p.; pbk
440 _aUniversitext
650 _aGraph theory
650 _aMathmatics
700 _aAxler, Sheldon
700 _aRanganathan, K.
942 _cTB
999 _c48177
_d48177